000
00189nam a2200085Ia 4500
008
180219s9999 xx 000 0 und d
100
_a
Sharma R A
245
0
_a
Mapan Mulyankan
260
_a
International
260
_c
2010
999
_c
41501
_d
41501